[Event "15. Magistral de la Republica"]
[Site "Villa Martelli, ARG"]
[Date "2011.08.06"]
[Round "6.2"]
[White "Molina, Roberto Junio Brito"]
[Black "Larrea, Manuel"]
[Result "1-0"]
[WhiteElo "2413"]
[BlackElo "2353"]
[PlyCount "73"]
[EventDate "2011.08.01"]
[EventType "tourn"]
[EventRounds "9"]
[EventCountry "ARG"]
[EventCategory "7"]
[Source "lmi"]
[SourceDate "2011.08.01"]

1. d4 Nf6 2. c4 g6 3. Nc3 Bg7 4. e4 O-O 5. Nf3 d6 6. Be2 e5 7. O-O Nc6 8. d5
Ne7 9. b4 c6 10. Nd2 a5 11. bxa5 Qxa5 12. Bb2 Ne8 13. Nb3 Qd8 14. Qd2 c5 15.
Nb5 f5 16. f4 Bh6 17. Qc3 fxe4 18. fxe5 Rxf1+ 19. Rxf1 dxe5 20. Qxe5 Bg7 21.
Qf4 Nf5 22. Bxg7 Nexg7 23. g4 Rxa2 24. Nc1 Rb2 25. gxf5 Bxf5 26. Nd6 Qe7 27.
Nxf5 Nxf5 28. Bg4 e3 29. Bxf5 gxf5 30. Qg3+ Qg7 31. Nd3 Rc2 32. Rc1 Rd2 33.
Nxc5 e2 34. Re1 Qxg3+ 35. hxg3 Rd4 36. Rxe2 Rxc4 37. d6 1-0

[Event "15. Magistral de la Republica"]
[Site "Villa Martelli, ARG"]
[Date "2011.08.06"]
[Round "6.3"]
[White "Mahia, Gustavo"]
[Black "Fusco, Leonardo"]
[Result "1/2-1/2"]
[WhiteElo "2371"]
[BlackElo "2389"]
[PlyCount "87"]
[EventDate "2011.08.01"]
[EventType "tourn"]
[EventRounds "9"]
[EventCountry "ARG"]
[EventCategory "7"]
[Source "lmi"]
[SourceDate "2011.08.01"]

1. d4 d5 2. c4 e6 3. Nc3 Be7 4. Nf3 Nf6 5. Bg5 h6 6. Bh4 O-O 7. e3 b6 8. Bd3
Bb7 9. O-O Nbd7 10. Qe2 Ne4 11. Bg3 Nxg3 12. hxg3 dxc4 13. Bxc4 c5 14. Rfd1
Bxf3 15. gxf3 cxd4 16. exd4 Bd6 17. f4 Re8 18. Qf3 Nf6 19. Rac1 a6 20. a4 Qd7
21. Bf1 Ra7 22. Bg2 Rd8 23. Qe2 Qe7 24. Qc4 Qc7 25. Qb3 Qb8 26. Rd3 g6 27. Nd1
b5 28. a5 Bc7 29. Qa2 Nd5 30. Bxd5 Rxd5 31. Ne3 Rd7 32. b4 Bd6 33. Ng4 Rdc7 34.
Rxc7 Rxc7 35. d5 e5 36. Qb2 Qc8 37. Nf6+ Kf8 38. fxe5 Be7 39. Ne4 Rc1+ 40. Kg2
Qc4 41. Qd4 Bxb4 42. d6 Qxd4 43. Rxd4 Bxa5 44. Kf3 1/2-1/2

[Event "15. Magistral de la Republica"]
[Site "Villa Martelli, ARG"]
[Date "2011.08.06"]
[Round "6.5"]
[White "Real De Azua, Ernesto"]
[Black "Bassan, Remo"]
[Result "1-0"]
[WhiteElo "2438"]
[BlackElo "2356"]
[PlyCount "47"]
[EventDate "2011.08.01"]
[EventType "tourn"]
[EventRounds "9"]
[EventCountry "ARG"]
[EventCategory "7"]
[Source "lmi"]
[SourceDate "2011.08.01"]

1. d4 Nf6 2. c4 e6 3. Nc3 c5 4. d5 exd5 5. cxd5 d6 6. Nf3 g6 7. Nd2 Bg7 8. e4
O-O 9. Be2 a6 10. a4 Re8 11. O-O Nbd7 12. f4 Qc7 13. Kh1 c4 14. e5 dxe5 15.
Nxc4 e4 16. f5 Ne5 17. Bf4 Bxf5 18. Nxe5 Rxe5 19. d6 Qc5 20. Rc1 Rd8 21. b4
Qxb4 22. Bxe5 Ng4 23. Nd5 Qa5 24. Ne7+ 1-0

[Event "15. Magistral de la Republica"]
[Site "Villa Martelli, ARG"]
[Date "2011.08.07"]
[Round "7.2"]
[White "Slipak, Sergio"]
[Black "Real De Azua, Ernesto"]
[Result "1/2-1/2"]
[WhiteElo "2424"]
[BlackElo "2438"]
[PlyCount "45"]
[EventDate "2011.08.01"]
[EventType "tourn"]
[EventRounds "9"]
[EventCountry "ARG"]
[EventCategory "7"]
[Source "lmi"]
[SourceDate "2011.08.01"]

1. d4 Nf6 2. Nf3 g6 3. g3 Bg7 4. Bg2 O-O 5. O-O d6 6. a4 a5 7. b3 Nc6 8. Bb2
Bf5 9. Nh4 Bd7 10. e4 e5 11. d5 Ne7 12. Nd2 Ne8 13. Qe2 g5 14. Nhf3 Ng6 15. Nc4
f5 16. exf5 Bxf5 17. Ne3 Bd7 18. Nd2 Nf6 19. Ne4 h6 20. Nxf6+ Qxf6 21. Qh5 Ne7
22. Be4 Qf7 23. Qxf7+ 1/2-1/2

[Event "15. Magistral de la Republica"]
[Site "Villa Martelli, ARG"]
[Date "2011.08.07"]
[Round "7.3"]
[White "Fusco, Leonardo"]
[Black "Valerga, Diego"]
[Result "1/2-1/2"]
[WhiteElo "2389"]
[BlackElo "2490"]
[PlyCount "91"]
[EventDate "2011.08.01"]
[EventType "tourn"]
[EventRounds "9"]
[EventCountry "ARG"]
[EventCategory "7"]
[Source "lmi"]
[SourceDate "2011.08.01"]

1. e4 c5 2. Nf3 Nc6 3. d4 cxd4 4. Nxd4 Qb6 5. Nb3 Nf6 6. Nc3 e6 7. Be3 Qc7 8.
Qd2 a6 9. f3 b5 10. O-O-O Ne5 11. Kb1 Rb8 12. Qd4 d6 13. Qa7 Qxa7 14. Bxa7 Rb7
15. Bf2 Bd7 16. a4 Be7 17. Nd4 O-O 18. axb5 axb5 19. Ncxb5 Rc8 20. Nxd6 Bxd6
21. Ba6 Rcb8 22. Bxb7 Rxb7 23. Nb3 Bf8 24. Nc5 Rc7 25. Nxd7 Nfxd7 26. Bg3 g5
27. Rxd7 Rxd7 28. Bxe5 Rd2 29. g3 Be7 30. c3 f6 31. Bd4 Kf7 32. h4 e5 33. Bb6
g4 34. fxg4 Re2 35. g5 Rxe4 36. gxf6 Bxf6 37. Rf1 Ke6 38. Rf3 Rg4 39. Bf2 e4
40. Re3 Bd8 41. Re2 Bc7 42. c4 Kf5 43. c5 Bxg3 44. Bxg3 Rxg3 45. c6 Rg1+ 46.
Kc2 1/2-1/2

[Event "15. Magistral de la Republica"]
[Site "Villa Martelli, ARG"]
[Date "2011.08.07"]
[Round "7.4"]
[White "Larrea, Manuel"]
[Black "Mahia, Gustavo"]
[Result "0-1"]
[WhiteElo "2353"]
[BlackElo "2371"]
[PlyCount "128"]
[EventDate "2011.08.01"]
[EventType "tourn"]
[EventRounds "9"]
[EventCountry "ARG"]
[EventCategory "7"]
[Source "lmi"]
[SourceDate "2011.08.01"]

1. c4 c5 2. Nc3 g6 3. g3 Bg7 4. Bg2 Nc6 5. Nf3 e5 6. O-O Nge7 7. d3 d6 8. Ne1
Be6 9. Nd5 O-O 10. Rb1 Rb8 11. Nc2 Bxd5 12. cxd5 Nd4 13. b4 b6 14. Bd2 Qd7 15.
e3 Nb5 16. Na1 Nc7 17. Qb3 h5 18. a4 Kh7 19. Nc2 h4 20. Qc4 Bf6 21. b5 Kg7 22.
e4 Rh8 23. Ne3 Rh7 24. Qc2 Rbh8 25. Qd1 hxg3 26. fxg3 Bg5 27. Qf3 Ng8 28. h4
Bxe3+ 29. Bxe3 Ne8 30. Bh3 Qe7 31. Bg5 f6 32. Be3 Nh6 33. Rb2 Rf8 34. Rbf2 Rhh8
35. Rg2 Kh7 36. Rff2 Ng7 37. g4 g5 38. Rh2 Kg6 39. Bf1 gxh4 40. Rxh4 Nf7 41.
Rfh2 Rxh4 42. Rxh4 Rh8 43. Rxh8 Nxh8 44. g5 fxg5 45. Bh3 Nf7 46. Kg2 Nh6 47.
Bc8 Qf6 48. Qxf6+ Kxf6 49. Bd2 Nh5 50. Kf3 Nf4 51. Ke3 g4 52. a5 Ke7 53. a6 g3
54. Ba5 Kd8 55. Be6 Kc7 56. Bd2 Nxe6 57. dxe6 Ng8 58. Kf3 d5 59. exd5 Ne7 60.
Kxg3 Kd6 61. Bg5 Nxd5 62. Kf3 Kxe6 63. Bd8 Kd7 64. Bg5 Nc3 0-1

[Event "15. Magistral de la Republica"]
[Site "Villa Martelli, ARG"]
[Date "2011.08.07"]
[Round "7.5"]
[White "Rodriguez Vila, Andres"]
[Black "Molina, Roberto Junio Brito"]
[Result "1-0"]
[WhiteElo "2507"]
[BlackElo "2413"]
[PlyCount "69"]
[EventDate "2011.08.01"]
[EventType "tourn"]
[EventRounds "9"]
[EventCountry "ARG"]
[EventCategory "7"]
[Source "lmi"]
[SourceDate "2011.08.01"]

1. e4 c5 2. Nf3 e6 3. d3 Nc6 4. g3 g6 5. c3 Bg7 6. Bg2 Nge7 7. h4 h6 8. O-O e5
9. Be3 d6 10. Qd2 Kf8 11. Na3 Kg8 12. d4 b6 13. Nb5 Kh7 14. Rfd1 Bg4 15. dxc5
dxc5 16. Qe2 Qc8 17. a4 a6 18. Nd6 Qe6 19. Nc4 Nc8 20. a5 b5 21. Nb6 Nxb6 22.
axb6 Nd4 23. cxd4 exd4 24. Bd2 Qxb6 25. Ng5+ hxg5 26. Qxg4 gxh4 27. Qxh4+ Kg8
28. Qe7 a5 29. e5 Ra7 30. Bxa5 Rxa5 31. Rxa5 Qxa5 32. Bd5 Rh5 33. Qxf7+ Kh7 34.
Be4 Rxe5 35. Kg2 1-0

[Event "15. Magistral de la Republica"]
[Site "Villa Martelli, ARG"]
[Date "2011.08.08"]
[Round "8.2"]
[White "Mahia, Gustavo"]
[Black "Rodriguez Vila, Andres"]
[Result "0-1"]
[WhiteElo "2371"]
[BlackElo "2507"]
[PlyCount "140"]
[EventDate "2011.08.01"]
[EventType "tourn"]
[EventRounds "9"]
[EventCountry "ARG"]
[EventCategory "7"]
[Source "lmi"]
[SourceDate "2011.08.01"]

1. e4 e5 2. Nf3 Nc6 3. Bb5 a6 4. Ba4 Nf6 5. O-O b5 6. Bb3 Bc5 7. c3 d6 8. d4
Bb6 9. a4 Bg4 10. Be3 Bxf3 11. gxf3 Rb8 12. axb5 axb5 13. Kh1 O-O 14. Rg1 Ne7
15. Na3 Ng6 16. Nc2 c5 17. Qe2 c4 18. Ba2 Nh5 19. Nb4 Nhf4 20. Qd2 Qf6 21. Rad1
Nd3 22. Rg3 Nxb4 23. Bg5 Qe6 24. d5 Nxd5 25. exd5 Qc8 26. Bb1 f5 27. Rdg1 Rb7
28. Bc2 Qa8 29. h4 Qe8 30. h5 Nf4 31. Bxf4 exf4 32. Rh3 Re7 33. Bd1 Qf7 34. Kg2
Re5 35. Qxf4 Qxd5 36. Rg3 Rf7 37. Rg5 Qe6 38. Bc2 Re2 39. Bxf5 Qe3 40. Qg3
Rxf2+ 41. Kh1 Qxf3+ 42. Qxf3 Rxf3 43. Be6 Bxg1 44. Kxg1 Kf8 45. Bxf7 Kxf7 46.
Rxb5 h6 47. Kg2 Rd3 48. Rb4 d5 49. Rb6 Re3 50. Kf2 Re5 51. Rb7+ Kf8 52. b4 cxb3
53. Rxb3 Rxh5 54. Kg3 Kf7 55. Rb6 Rf5 56. Kg4 Rf1 57. Rd6 Rc1 58. Rxd5 Rxc3 59.
Rd7+ Kg6 60. Rd6+ Kh7 61. Rd7 Rc5 62. Ra7 h5+ 63. Kh4 Kh6 64. Ra6+ g6 65. Rb6
Rc4+ 66. Kh3 h4 67. Rb8 Kh5 68. Rh8+ Kg5 69. Ra8 Rc3+ 70. Kh2 Kg4 0-1

[Event "15. Magistral de la Republica"]
[Site "Villa Martelli, ARG"]
[Date "2011.08.08"]
[Round "8.3"]
[White "Valerga, Diego"]
[Black "Larrea, Manuel"]
[Result "1/2-1/2"]
[WhiteElo "2490"]
[BlackElo "2353"]
[PlyCount "88"]
[EventDate "2011.08.01"]
[EventType "tourn"]
[EventRounds "9"]
[EventCountry "ARG"]
[EventCategory "7"]
[Source "lmi"]
[SourceDate "2011.08.01"]

1. e4 c5 2. Nf3 Nc6 3. d4 cxd4 4. Nxd4 Nf6 5. Nc3 e5 6. Ndb5 d6 7. Bg5 a6 8.
Na3 Be6 9. Nc4 Rc8 10. Bxf6 Qxf6 11. Nb6 Rb8 12. Nbd5 Qd8 13. Bd3 Be7 14. O-O
O-O 15. a4 Bg5 16. Kh1 g6 17. Ra3 Bh6 18. Bc4 Kh8 19. Ne2 b5 20. axb5 axb5 21.
Ba2 f5 22. exf5 gxf5 23. f4 Bg7 24. Nb4 Nxb4 25. Bxe6 Qe7 26. Bb3 e4 27. Nd4 d5
28. c3 Nd3 29. Nc6 Qc5 30. Nxb8 Rxb8 31. Qd2 d4 32. cxd4 Bxd4 33. g3 Rd8 34.
Qc2 Qb6 35. Rfa1 Bxb2 36. Ra6 Qe3 37. Rf1 Qd4 38. Qc6 Nb4 39. Qxb5 Nxa6 40.
Qxa6 e3 41. Bd1 Qd5+ 42. Bf3 Qd3 43. Qxd3 Rxd3 44. Rd1 Rxd1+ 1/2-1/2

[Event "15. Magistral de la Republica"]
[Site "Villa Martelli, ARG"]
[Date "2011.08.08"]
[Round "8.4"]
[White "Real De Azua, Ernesto"]
[Black "Fusco, Leonardo"]
[Result "1/2-1/2"]
[WhiteElo "2438"]
[BlackElo "2389"]
[PlyCount "20"]
[EventDate "2011.08.01"]
[EventType "tourn"]
[EventRounds "9"]
[EventCountry "ARG"]
[EventCategory "7"]
[Source "lmi"]
[SourceDate "2011.08.01"]

1. e4 e6 2. d4 d5 3. exd5 exd5 4. Nf3 Nf6 5. Bd3 Bd6 6. O-O O-O 7. c3 c6 8. Re1
Re8 9. Nbd2 Nbd7 10. Nf1 Nf8 1/2-1/2

[Event "15. Magistral de la Republica"]
[Site "Villa Martelli, ARG"]
[Date "2011.08.08"]
[Round "8.5"]
[White "Bassan, Remo"]
[Black "Slipak, Sergio"]
[Result "0-1"]
[WhiteElo "2356"]
[BlackElo "2424"]
[PlyCount "114"]
[EventDate "2011.08.01"]
[EventType "tourn"]
[EventRounds "9"]
[EventCountry "ARG"]
[EventCategory "7"]
[Source "lmi"]
[SourceDate "2011.08.01"]

1. e4 e5 2. Nf3 Nc6 3. Bb5 Nf6 4. d3 d6 5. c3 Bd7 6. O-O g6 7. Bg5 Bg7 8. Qd2
h6 9. Bh4 O-O 10. Na3 Kh7 11. Nc4 Bg4 12. Bxc6 bxc6 13. Qe3 Qd7 14. h3 Be6 15.
Rad1 Nh5 16. Ne1 Nf4 17. b3 f5 18. exf5 Rxf5 19. Bg3 Raf8 20. Bxf4 exf4 21. Qe2
Bxc3 22. Nf3 Rh5 23. h4 Bf6 24. Rfe1 Bd5 25. a4 Rf7 26. Ncd2 Bxh4 27. Ne4 Be7
28. b4 Bb3 29. Rb1 Be6 30. Nxd6 cxd6 31. Qxe6 Qxe6 32. Rxe6 Rd5 33. Rc1 c5 34.
bxc5 dxc5 35. Ne5 Rg7 36. Nxg6 Bg5 37. Ne5 f3 38. Rc4 fxg2 39. Rg4 Re7 40.
Rxe7+ Bxe7 41. f4 Bf6 42. Rxg2 Bxe5 43. fxe5 Rxe5 44. Rb2 Re7 45. Rc2 Rc7 46.
Kh2 Kg6 47. d4 c4 48. Kg3 Kf5 49. Kf3 h5 50. Rh2 c3 51. Rxh5+ Ke6 52. Rh1 Kd5
53. Ke2 Kc4 54. Kd1 Kb3 55. Kc1 Rg7 56. Kd1 Rg2 57. Rh7 c2+ 0-1

[Event "15. Magistral de la Republica"]
[Site "Villa Martelli, ARG"]
[Date "2011.08.09"]
[Round "9.1"]
[White "Slipak, Sergio"]
[Black "De Dovitiis, Alejo"]
[Result "1/2-1/2"]
[WhiteElo "2424"]
[BlackElo "2348"]
[PlyCount "29"]
[EventDate "2011.08.01"]
[EventType "tourn"]
[EventRounds "9"]
[EventCountry "ARG"]
[EventCategory "7"]
[Source "lmi"]
[SourceDate "2011.08.01"]

1. d4 Nf6 2. Nf3 e6 3. c4 d5 4. Nc3 Bb4 5. e3 O-O 6. Bd3 c5 7. O-O Nc6 8. Ne2
cxd4 9. exd4 dxc4 10. Bxc4 Bd7 11. Bf4 Rc8 12. Rc1 Na5 13. Bd3 Rxc1 14. Qxc1
Bc6 15. Ne5 1/2-1/2

[Event "15. Magistral de la Republica"]
[Site "Villa Martelli, ARG"]
[Date "2011.08.09"]
[Round "9.2"]
[White "Fusco, Leonardo"]
[Black "Bassan, Remo"]
[Result "1/2-1/2"]
[WhiteElo "2389"]
[BlackElo "2356"]
[PlyCount "40"]
[EventDate "2011.08.01"]
[EventType "tourn"]
[EventRounds "9"]
[EventCountry "ARG"]
[EventCategory "7"]
[Source "lmi"]
[SourceDate "2011.08.01"]

1. e4 Nf6 2. e5 Nd5 3. d4 d6 4. Nf3 dxe5 5. Nxe5 c6 6. Bc4 Nd7 7. Nf3 N7f6 8.
O-O Bg4 9. Bb3 e6 10. h3 Bh5 11. Re1 Be7 12. Nbd2 O-O 13. Nf1 c5 14. dxc5 Bxc5
15. Ng3 Bg6 16. Ne5 Qb6 17. Qe2 Rfd8 18. Nxg6 hxg6 19. Bg5 a5 20. a4 Qb4
1/2-1/2

[Event "15. Magistral de la Republica"]
[Site "Villa Martelli, ARG"]
[Date "2011.08.09"]
[Round "9.3"]
[White "Larrea, Manuel"]
[Black "Real De Azua, Ernesto"]
[Result "1-0"]
[WhiteElo "2353"]
[BlackElo "2438"]
[PlyCount "75"]
[EventDate "2011.08.01"]
[EventType "tourn"]
[EventRounds "9"]
[EventCountry "ARG"]
[EventCategory "7"]
[Source "lmi"]
[SourceDate "2011.08.01"]

1. c4 Nf6 2. Nc3 g6 3. g3 Bg7 4. Bg2 O-O 5. d3 d6 6. Rb1 e5 7. e3 c6 8. Nge2 d5
9. O-O dxc4 10. dxc4 Qe7 11. Qa4 Nbd7 12. b3 Nc5 13. Qa3 Re8 14. b4 Nd3 15. b5
Nxc1 16. Qxc1 e4 17. bxc6 bxc6 18. Nd4 c5 19. Nb3 Qe5 20. Rd1 Be6 21. Nd2 Bf5
22. Qa3 Rad8 23. Nf1 Rd3 24. Rxd3 exd3 25. Nd2 Bh6 26. Na4 Bf8 27. Qc3 Qe6 28.
Qa5 Ne4 29. Bxe4 Bxe4 30. Nxc5 Qf5 31. Qb5 Re5 32. Ndxe4 Bxc5 33. Nxc5 Rxc5 34.
Qe8+ Kg7 35. Rb8 Kf6 36. Qd8+ Ke6 37. Rb7 Qg5 38. Qd7+ 1-0

[Event "15. Magistral de la Republica"]
[Site "Villa Martelli, ARG"]
[Date "2011.08.09"]
[Round "9.4"]
[White "Rodriguez Vila, Andres"]
[Black "Valerga, Diego"]
[Result "0-1"]
[WhiteElo "2507"]
[BlackElo "2490"]
[PlyCount "104"]
[EventDate "2011.08.01"]
[EventType "tourn"]
[EventRounds "9"]
[EventCountry "ARG"]
[EventCategory "7"]
[Source "lmi"]
[SourceDate "2011.08.01"]

1. e4 c5 2. Nf3 d6 3. d4 cxd4 4. Nxd4 Nf6 5. Nc3 a6 6. Bc4 e6 7. Bb3 Nc6 8. O-O
Be7 9. f4 O-O 10. Kh1 Bd7 11. f5 Nxd4 12. Qxd4 exf5 13. exf5 Bc6 14. Bg5 Re8
15. Rad1 h6 16. Bc1 Qa5 17. Qh4 Bf8 18. Bxh6 Re5 19. Bg5 Be7 20. Bxf6 Bxf6 21.
Qh5 d5 22. Rd3 Rd8 23. Rh3 Kf8 24. Rg3 Qc7 25. Qh8+ Ke7 26. Qh7 Kd7 27. Na4 Kc8
28. Nc5 d4 29. Nd3 Ree8 30. Rh3 Re2 31. Rg1 Rde8 32. Qh5 R8e7 33. Be6+ R2xe6
34. fxe6 Rxe6 35. Qc5 b6 36. Qa3 Bb5 37. Nb4 Qc5 38. Rh8+ Kd7 39. Qf3 Qxb4 40.
Qb7+ Kd6 41. Qb8+ Kd5 42. Qb7+ Bc6 43. Qxf7 Qe7 44. Qg8 Qe8 45. Qh7 Qe7 46. Qd3
g5 47. Rb8 Qc7 48. Qb3+ Kd6 49. Rxb6 Kd7 50. Rb4 g4 51. Qd3 Qxh2+ 52. Kxh2 Be5+
0-1

[Event "15. Magistral de la Republica"]
[Site "Villa Martelli, ARG"]
[Date "2011.08.09"]
[Round "9.5"]
[White "Molina, Roberto Junio Brito"]
[Black "Mahia, Gustavo"]
[Result "0-1"]
[WhiteElo "2413"]
[BlackElo "2371"]
[PlyCount "80"]
[EventDate "2011.08.01"]
[EventType "tourn"]
[EventRounds "9"]
[EventCountry "ARG"]
[EventCategory "7"]
[Source "lmi"]
[SourceDate "2011.08.01"]

1. d4 f5 2. g3 Nf6 3. Bg2 d5 4. Nf3 e6 5. O-O Bd6 6. c4 c6 7. Ne5 Nbd7 8. cxd5
exd5 9. Nd3 O-O 10. Nd2 Ne4 11. f3 Nef6 12. Nb3 a5 13. Bf4 Bxf4 14. Nxf4 Qe7
15. Qd3 a4 16. Nd2 a3 17. b3 b6 18. Rfe1 g5 19. Nh3 g4 20. Nf2 Ba6 21. Qxf5 Kh8
22. Qc2 Qe3 23. Nf1 Qxd4 24. Rad1 Qc5 25. Qxc5 Nxc5 26. Ne3 Rae8 27. Nexg4 Nxg4
28. Nxg4 h5 29. Nf2 Bxe2 30. Rd2 Bb5 31. Rc1 Re3 32. h4 Rfe8 33. Kh2 Re2 34.
Rcc2 Rxd2 35. Rxd2 Re2 36. Rxe2 Bxe2 37. b4 Na6 38. b5 Bxb5 39. Nd1 d4 40. Bh3
Bc4 0-1